| 000 | 01043nam a2200253Ia 4500 | ||
|---|---|---|---|
| 003 | OSt | ||
| 005 | 20211118120139.0 | ||
| 008 | 210310s1990 ck gr 000 0 spa d | ||
| 020 | _a9589028713 | ||
| 040 |
_aCO-JMCR _cCO-JMCR |
||
| 041 | 0 | _aspa | |
| 082 | 0 | 4 |
_a336.861 / _bP438m _223 |
| 100 | 1 |
_aPérez, Francisco De Paula _eautor _929095 |
|
| 245 | 1 | 0 |
_aMemoria de hacienda, historia y teoría económica : _b1929, 1931, 1946 / _cFrancisco de Paula Pérez ; prólogo, Hernán Jaramillo Ocampo |
| 260 |
_aBogotá : _bBanco de la Republica, _c1990. |
||
| 300 |
_a211 páginas ; _c23 cm. |
||
| 490 | 0 | _aColección Bibliográfica Banco de la República | |
| 500 | _aHistoria y teoría económica, Incluye índices. | ||
| 505 | 0 | _aReorganización fiscal. -- Presupuesto de gastos para 1932. -- El nuevo presupuesto. -- Instituto geográfico militar y catastral. | |
| 650 | 1 | 4 |
_aReorganización fiscal _941582 |
| 650 | 2 | 4 |
_aElaboración del presupuesto _941583 |
| 700 | 1 |
_aJaramillo Ocampo, Hernán, _eprologuista _941584 |
|
| 942 |
_2ddc _cBK |
||
| 999 |
_c12743 _d12743 |
||